<?xml version="1.0" encoding="UTF-8"?>
<collection xmlns="http://www.loc.gov/MARC21/slim">
<record>
  <controlfield tag="001">245865</controlfield>
  <controlfield tag="005">20231015011424.0</controlfield>
  <datafield tag="024" ind1="7" ind2=" ">
    <subfield code="a">10.3389/fonc.2021.788182</subfield>
    <subfield code="2">doi</subfield>
  </datafield>
  <datafield tag="024" ind1="7" ind2=" ">
    <subfield code="a">10.15120/GSI-2022-00167</subfield>
    <subfield code="2">datacite_doi</subfield>
  </datafield>
  <datafield tag="024" ind1="7" ind2=" ">
    <subfield code="a">pmid:34956902</subfield>
    <subfield code="2">pmid</subfield>
  </datafield>
  <datafield tag="024" ind1="7" ind2=" ">
    <subfield code="a">WOS:000732720100001</subfield>
    <subfield code="2">WOS</subfield>
  </datafield>
  <datafield tag="024" ind1="7" ind2=" ">
    <subfield code="a">altmetric:118383972</subfield>
    <subfield code="2">altmetric</subfield>
  </datafield>
  <datafield tag="037" ind1=" " ind2=" ">
    <subfield code="a">GSI-2022-00167</subfield>
  </datafield>
  <datafield tag="041" ind1=" " ind2=" ">
    <subfield code="a">English</subfield>
  </datafield>
  <datafield tag="082" ind1=" " ind2=" ">
    <subfield code="a">610</subfield>
  </datafield>
  <datafield tag="100" ind1="1" ind2=" ">
    <subfield code="a">Reppingen, Norman</subfield>
    <subfield code="0">P:(DE-HGF)0</subfield>
    <subfield code="b">0</subfield>
    <subfield code="e">First author</subfield>
  </datafield>
  <datafield tag="245" ind1=" " ind2=" ">
    <subfield code="a">A Combination of Cabozantinib and Radiation Does Not Lead to an Improved Growth Control of Tumors in a Preclinical 4T1 Breast Cancer Model</subfield>
  </datafield>
  <datafield tag="260" ind1=" " ind2=" ">
    <subfield code="a">Lausanne</subfield>
    <subfield code="c">2021</subfield>
    <subfield code="b">Frontiers Media</subfield>
  </datafield>
  <datafield tag="336" ind1="7" ind2=" ">
    <subfield code="a">article</subfield>
    <subfield code="2">DRIVER</subfield>
  </datafield>
  <datafield tag="336" ind1="7" ind2=" ">
    <subfield code="a">Output Types/Journal article</subfield>
    <subfield code="2">DataCite</subfield>
  </datafield>
  <datafield tag="336" ind1="7" ind2=" ">
    <subfield code="a">Journal Article</subfield>
    <subfield code="b">journal</subfield>
    <subfield code="m">journal</subfield>
    <subfield code="0">PUB:(DE-HGF)16</subfield>
    <subfield code="s">1642770133_5915</subfield>
    <subfield code="2">PUB:(DE-HGF)</subfield>
  </datafield>
  <datafield tag="336" ind1="7" ind2=" ">
    <subfield code="a">ARTICLE</subfield>
    <subfield code="2">BibTeX</subfield>
  </datafield>
  <datafield tag="336" ind1="7" ind2=" ">
    <subfield code="a">JOURNAL_ARTICLE</subfield>
    <subfield code="2">ORCID</subfield>
  </datafield>
  <datafield tag="336" ind1="7" ind2=" ">
    <subfield code="a">Journal Article</subfield>
    <subfield code="0">0</subfield>
    <subfield code="2">EndNote</subfield>
  </datafield>
  <datafield tag="500" ind1=" " ind2=" ">
    <subfield code="a">This work was partially supported by ESA-IBER project and FAIR-phase-0.Strat. Univ.: TU-Darmstadt "This is an open-access article distributed under the terms of the Creative Commons Attribution License (CC BY). The use, distribution or reproduction in other forums is permitted, provided the original author(s) and the  opyright owner(s) are credited and that the original publication in this journal is cited, in accordance with accepted academic practice. No use, distribution or reproduction is permitted which does not comply with  these terms."</subfield>
  </datafield>
  <datafield tag="536" ind1=" " ind2=" ">
    <subfield code="a">633 - Life Sciences – Building Blocks of Life: Structure and Function (POF4-633)</subfield>
    <subfield code="0">G:(DE-HGF)POF4-633</subfield>
    <subfield code="c">POF4-633</subfield>
    <subfield code="f">POF IV</subfield>
    <subfield code="x">0</subfield>
  </datafield>
  <datafield tag="536" ind1=" " ind2=" ">
    <subfield code="a">FAIR Phase-0 - FAIR Phase-0 Research Program (GSI-FAIR-Phase-0)</subfield>
    <subfield code="0">G:(Ds200)GSI-FAIR-Phase-0</subfield>
    <subfield code="c">GSI-FAIR-Phase-0</subfield>
    <subfield code="x">1</subfield>
  </datafield>
  <datafield tag="536" ind1=" " ind2=" ">
    <subfield code="a">SUC-GSI-Darmstadt - Strategic university cooperation GSI-TU Darmstadt (SUC-GSI-DA)</subfield>
    <subfield code="0">G:(DE-Ds200)SUC-GSI-DA</subfield>
    <subfield code="c">SUC-GSI-DA</subfield>
    <subfield code="x">2</subfield>
  </datafield>
  <datafield tag="588" ind1=" " ind2=" ">
    <subfield code="a">Dataset connected to CrossRef, Journals: repository.gsi.de</subfield>
  </datafield>
  <datafield tag="693" ind1=" " ind2=" ">
    <subfield code="a">none</subfield>
    <subfield code="e">Biophysics experiment at GSI, but no LSRF/no experiment at the GSI accelerator complex(POF3; none)</subfield>
    <subfield code="1">EXP:(DE-Ds200)none-20200803</subfield>
    <subfield code="0">EXP:(DE-Ds200)Biophysics_no_LSRF/EXP-20200803</subfield>
    <subfield code="5">EXP:(DE-Ds200)Biophysics_no_LSRF/EXP-20200803</subfield>
    <subfield code="x">0</subfield>
  </datafield>
  <datafield tag="700" ind1="1" ind2=" ">
    <subfield code="a">Helm, Alexander</subfield>
    <subfield code="0">P:(DE-Ds200)OR3001</subfield>
    <subfield code="b">1</subfield>
    <subfield code="u">gsi</subfield>
  </datafield>
  <datafield tag="700" ind1="1" ind2=" ">
    <subfield code="a">Doleschal, Laura</subfield>
    <subfield code="0">P:(DE-HGF)0</subfield>
    <subfield code="b">2</subfield>
  </datafield>
  <datafield tag="700" ind1="1" ind2=" ">
    <subfield code="a">Durante, Marco</subfield>
    <subfield code="0">P:(DE-Ds200)OR2413</subfield>
    <subfield code="b">3</subfield>
    <subfield code="u">gsi</subfield>
  </datafield>
  <datafield tag="700" ind1="1" ind2=" ">
    <subfield code="a">Fournier, Claudia</subfield>
    <subfield code="0">P:(DE-Ds200)OR0311</subfield>
    <subfield code="b">4</subfield>
    <subfield code="e">Last author</subfield>
    <subfield code="u">gsi</subfield>
  </datafield>
  <datafield tag="773" ind1=" " ind2=" ">
    <subfield code="a">10.3389/fonc.2021.788182</subfield>
    <subfield code="g">Vol. 11, p. 788182</subfield>
    <subfield code="0">PERI:(DE-600)2649216-7</subfield>
    <subfield code="p">788182</subfield>
    <subfield code="t">Frontiers in oncology</subfield>
    <subfield code="v">11</subfield>
    <subfield code="y">2021</subfield>
    <subfield code="x">2234-943X</subfield>
  </datafield>
  <datafield tag="856" ind1="4" ind2=" ">
    <subfield code="y">OpenAccess</subfield>
    <subfield code="u">http://repository.gsi.de/record/245865/files/fonc-11-788182.pdf</subfield>
  </datafield>
  <datafield tag="856" ind1="4" ind2=" ">
    <subfield code="y">OpenAccess</subfield>
    <subfield code="x">icon</subfield>
    <subfield code="u">http://repository.gsi.de/record/245865/files/fonc-11-788182.gif?subformat=icon</subfield>
  </datafield>
  <datafield tag="856" ind1="4" ind2=" ">
    <subfield code="y">OpenAccess</subfield>
    <subfield code="x">icon-1440</subfield>
    <subfield code="u">http://repository.gsi.de/record/245865/files/fonc-11-788182.jpg?subformat=icon-1440</subfield>
  </datafield>
  <datafield tag="856" ind1="4" ind2=" ">
    <subfield code="y">OpenAccess</subfield>
    <subfield code="x">icon-180</subfield>
    <subfield code="u">http://repository.gsi.de/record/245865/files/fonc-11-788182.jpg?subformat=icon-180</subfield>
  </datafield>
  <datafield tag="856" ind1="4" ind2=" ">
    <subfield code="y">OpenAccess</subfield>
    <subfield code="x">icon-640</subfield>
    <subfield code="u">http://repository.gsi.de/record/245865/files/fonc-11-788182.jpg?subformat=icon-640</subfield>
  </datafield>
  <datafield tag="909" ind1="C" ind2="O">
    <subfield code="o">oai:repository.gsi.de:245865</subfield>
    <subfield code="p">openaire</subfield>
    <subfield code="p">open_access</subfield>
    <subfield code="p">OpenAPC</subfield>
    <subfield code="p">driver</subfield>
    <subfield code="p">VDB</subfield>
    <subfield code="p">openCost</subfield>
    <subfield code="p">dnbdelivery</subfield>
  </datafield>
  <datafield tag="910" ind1="1" ind2=" ">
    <subfield code="a">GSI Helmholtzzentrum für Schwerionenforschung GmbH</subfield>
    <subfield code="0">I:(DE-Ds200)20121206GSI</subfield>
    <subfield code="k">GSI</subfield>
    <subfield code="b">1</subfield>
    <subfield code="6">P:(DE-Ds200)OR3001</subfield>
  </datafield>
  <datafield tag="910" ind1="1" ind2=" ">
    <subfield code="a">GSI Helmholtzzentrum für Schwerionenforschung GmbH</subfield>
    <subfield code="0">I:(DE-Ds200)20121206GSI</subfield>
    <subfield code="k">GSI</subfield>
    <subfield code="b">3</subfield>
    <subfield code="6">P:(DE-Ds200)OR2413</subfield>
  </datafield>
  <datafield tag="910" ind1="1" ind2=" ">
    <subfield code="a">GSI Helmholtzzentrum für Schwerionenforschung GmbH</subfield>
    <subfield code="0">I:(DE-Ds200)20121206GSI</subfield>
    <subfield code="k">GSI</subfield>
    <subfield code="b">4</subfield>
    <subfield code="6">P:(DE-Ds200)OR0311</subfield>
  </datafield>
  <datafield tag="913" ind1="1" ind2=" ">
    <subfield code="a">DE-HGF</subfield>
    <subfield code="b">Forschungsbereich Materie</subfield>
    <subfield code="l">From Matter to Materials and Life</subfield>
    <subfield code="1">G:(DE-HGF)POF4-630</subfield>
    <subfield code="0">G:(DE-HGF)POF4-633</subfield>
    <subfield code="3">G:(DE-HGF)POF4</subfield>
    <subfield code="2">G:(DE-HGF)POF4-600</subfield>
    <subfield code="4">G:(DE-HGF)POF</subfield>
    <subfield code="v">Life Sciences – Building Blocks of Life: Structure and Function</subfield>
    <subfield code="x">0</subfield>
  </datafield>
  <datafield tag="914" ind1="1" ind2=" ">
    <subfield code="y">2021</subfield>
  </datafield>
  <datafield tag="915" ind1=" " ind2=" ">
    <subfield code="a">DBCoverage</subfield>
    <subfield code="0">StatID:(DE-HGF)0200</subfield>
    <subfield code="2">StatID</subfield>
    <subfield code="b">SCOPUS</subfield>
    <subfield code="d">2021-01-27</subfield>
  </datafield>
  <datafield tag="915" ind1=" " ind2=" ">
    <subfield code="a">DBCoverage</subfield>
    <subfield code="0">StatID:(DE-HGF)0160</subfield>
    <subfield code="2">StatID</subfield>
    <subfield code="b">Essential Science Indicators</subfield>
    <subfield code="d">2021-01-27</subfield>
  </datafield>
  <datafield tag="915" ind1=" " ind2=" ">
    <subfield code="a">WoS</subfield>
    <subfield code="0">StatID:(DE-HGF)0113</subfield>
    <subfield code="2">StatID</subfield>
    <subfield code="b">Science Citation Index Expanded</subfield>
    <subfield code="d">2021-01-27</subfield>
  </datafield>
  <datafield tag="915" ind1=" " ind2=" ">
    <subfield code="a">Creative Commons Attribution CC BY 4.0</subfield>
    <subfield code="0">LIC:(DE-HGF)CCBY4</subfield>
    <subfield code="2">HGFVOC</subfield>
  </datafield>
  <datafield tag="915" ind1=" " ind2=" ">
    <subfield code="a">JCR</subfield>
    <subfield code="0">StatID:(DE-HGF)0100</subfield>
    <subfield code="2">StatID</subfield>
    <subfield code="b">FRONT ONCOL : 2019</subfield>
    <subfield code="d">2021-01-27</subfield>
  </datafield>
  <datafield tag="915" ind1=" " ind2=" ">
    <subfield code="a">DBCoverage</subfield>
    <subfield code="0">StatID:(DE-HGF)0501</subfield>
    <subfield code="2">StatID</subfield>
    <subfield code="b">DOAJ Seal</subfield>
    <subfield code="d">2021-01-27</subfield>
  </datafield>
  <datafield tag="915" ind1=" " ind2=" ">
    <subfield code="a">DBCoverage</subfield>
    <subfield code="0">StatID:(DE-HGF)0500</subfield>
    <subfield code="2">StatID</subfield>
    <subfield code="b">DOAJ</subfield>
    <subfield code="d">2021-01-27</subfield>
  </datafield>
  <datafield tag="915" ind1=" " ind2=" ">
    <subfield code="a">DBCoverage</subfield>
    <subfield code="0">StatID:(DE-HGF)1110</subfield>
    <subfield code="2">StatID</subfield>
    <subfield code="b">Current Contents - Clinical Medicine</subfield>
    <subfield code="d">2021-01-27</subfield>
  </datafield>
  <datafield tag="915" ind1=" " ind2=" ">
    <subfield code="a">Fees</subfield>
    <subfield code="0">StatID:(DE-HGF)0700</subfield>
    <subfield code="2">StatID</subfield>
    <subfield code="d">2021-01-27</subfield>
  </datafield>
  <datafield tag="915" ind1=" " ind2=" ">
    <subfield code="a">DBCoverage</subfield>
    <subfield code="0">StatID:(DE-HGF)0150</subfield>
    <subfield code="2">StatID</subfield>
    <subfield code="b">Web of Science Core Collection</subfield>
    <subfield code="d">2021-01-27</subfield>
  </datafield>
  <datafield tag="915" ind1=" " ind2=" ">
    <subfield code="a">IF &lt; 5</subfield>
    <subfield code="0">StatID:(DE-HGF)9900</subfield>
    <subfield code="2">StatID</subfield>
    <subfield code="d">2021-01-27</subfield>
  </datafield>
  <datafield tag="915" ind1=" " ind2=" ">
    <subfield code="a">OpenAccess</subfield>
    <subfield code="0">StatID:(DE-HGF)0510</subfield>
    <subfield code="2">StatID</subfield>
  </datafield>
  <datafield tag="915" ind1=" " ind2=" ">
    <subfield code="a">Peer Review</subfield>
    <subfield code="0">StatID:(DE-HGF)0030</subfield>
    <subfield code="2">StatID</subfield>
    <subfield code="b">DOAJ : Blind peer review</subfield>
    <subfield code="d">2021-01-27</subfield>
  </datafield>
  <datafield tag="915" ind1=" " ind2=" ">
    <subfield code="a">Article Processing Charges</subfield>
    <subfield code="0">StatID:(DE-HGF)0561</subfield>
    <subfield code="2">StatID</subfield>
    <subfield code="d">2021-01-27</subfield>
  </datafield>
  <datafield tag="915" ind1=" " ind2=" ">
    <subfield code="a">DBCoverage</subfield>
    <subfield code="0">StatID:(DE-HGF)0300</subfield>
    <subfield code="2">StatID</subfield>
    <subfield code="b">Medline</subfield>
    <subfield code="d">2021-01-27</subfield>
  </datafield>
  <datafield tag="915" ind1=" " ind2=" ">
    <subfield code="a">DBCoverage</subfield>
    <subfield code="0">StatID:(DE-HGF)0320</subfield>
    <subfield code="2">StatID</subfield>
    <subfield code="b">PubMed Central</subfield>
    <subfield code="d">2021-01-27</subfield>
  </datafield>
  <datafield tag="915" ind1=" " ind2=" ">
    <subfield code="a">DBCoverage</subfield>
    <subfield code="0">StatID:(DE-HGF)0199</subfield>
    <subfield code="2">StatID</subfield>
    <subfield code="b">Clarivate Analytics Master Journal List</subfield>
    <subfield code="d">2021-01-27</subfield>
  </datafield>
  <datafield tag="915" ind1="p" ind2="c">
    <subfield code="a">Local Funding</subfield>
    <subfield code="2">APC</subfield>
    <subfield code="0">PC:(DE-HGF)0001</subfield>
  </datafield>
  <datafield tag="915" ind1="p" ind2="c">
    <subfield code="a">DFG OA Publikationskosten</subfield>
    <subfield code="2">APC</subfield>
    <subfield code="0">PC:(DE-HGF)0002</subfield>
  </datafield>
  <datafield tag="920" ind1=" " ind2=" ">
    <subfield code="l">yes</subfield>
  </datafield>
  <datafield tag="920" ind1="1" ind2=" ">
    <subfield code="0">I:(DE-Ds200)BIO-20160831OR354</subfield>
    <subfield code="k">BIO</subfield>
    <subfield code="l">Biophysik</subfield>
    <subfield code="x">0</subfield>
  </datafield>
  <datafield tag="980" ind1="1" ind2=" ">
    <subfield code="a">FullTexts</subfield>
  </datafield>
  <datafield tag="980" ind1=" " ind2=" ">
    <subfield code="a">journal</subfield>
  </datafield>
  <datafield tag="980" ind1=" " ind2=" ">
    <subfield code="a">VDB</subfield>
  </datafield>
  <datafield tag="980" ind1=" " ind2=" ">
    <subfield code="a">UNRESTRICTED</subfield>
  </datafield>
  <datafield tag="980" ind1=" " ind2=" ">
    <subfield code="a">I:(DE-Ds200)BIO-20160831OR354</subfield>
  </datafield>
  <datafield tag="980" ind1=" " ind2=" ">
    <subfield code="a">APC</subfield>
  </datafield>
</record>
</collection>